| 000 | 00704nam a22002417a 4500 | ||
|---|---|---|---|
| 001 | 27771 | ||
| 003 | UA-OsUOA | ||
| 005 | 20220206182732.0 | ||
| 007 | ta | ||
| 008 | 20040913b un ||||| |||| 00| 0 ukr d | ||
| 040 |
_aUA-OsUOA _brus _cUA-OsUOA _dUA-OsUOA |
||
| 041 | _arus | ||
| 044 | _aRU | ||
| 080 | _a792.01 | ||
| 090 |
_a792.01 _bК52 |
||
| 100 | _aКлюев В. Г. | ||
| 245 |
_aТеатрально-эстэтические взгляды Брехта: опыт эстетики Брехта _cВ. Г. Клюев ; ред. И. В. Нестьев |
||
| 260 |
_aМосква _bНаука _c1966 |
||
| 300 |
_a184 с. _bІлюстрації |
||
| 650 | 7 | _2UDC | |
| 942 |
_cBK _2udc |
||
| 955 | _a0 | ||
| 999 |
_c314123 _d314123 |
||